LEADER 00818nam a2200205 i 4500 001 000000181837 003 CaOOAMICUS 005 20090923000000.0 008 090923s1936 it u000 u ita u 013 $a159755 040 $aSeMil$bita 100 1 $aImerio : da Castellanza.$0(OLS)http://semarc/name/43425 245 10$aArmando Marchesi 1913 - 1930 /$cP. Imerio da Castellanza Cappuccino. 260 $aMilano :$bArchetipografia,$c1936. 300 $a108 p., [13] p. di tav. ;$c21 cm. 650 4$aMarchesi, Armando.$0(OLS)http://semarc/subject/24015 850 $aSeMil 852 $aSeMil$W1$xVenegono$y1$m3E II 117$j132541$B132541$CSeMilBibl$Z2$F144383 $81 996 $6245$aArmando Marchesi 1913 - 1930$9(OLS)http://semarc/title/260936 996 $6260$aMilano :$bArchetipografia$9(OLS)http://semarc/publisher/46347 LEADER 01326nam a2200301 i 4500 001 000000228109 003 CaOOAMICUS 005 20260303144723.0 008 140318s2006 it u000 u ita u 013 $a207011 020 $a88-01-02826-1 040 $aSeMil$bita 100 1 $aDonahue, John R.$0(OLS)http://semarc/name/78944 245 13$aIl Vangelo di Marco /$cJohn R. Donahue, Daniel J. Harrington. 260 $aLeumann :$bElle Di Ci,$c2006. 300 $aXII, 435 p. ;$c25 cm. 490 0 $aSacra pagina ;$v2 650 4$aBibbia. Nuovo Testamento. Vangelo secondo Marco - Commentari, studi, critica, interpretazioni.$0(OLS)http://semarc/subject/143 650 4$aBibbia. Nuovo Testamento. Vangelo secondo Marco - Analisi narrativa e linguistica.$0(OLS)http://semarc/subject/37322 700 1 $aHarrington, Daniel J.,$c.$0(OLS)http://semarc/name/27805 830 0$aSacra pagina ;$v2.$0(OLS)http://semarc/title/40175 850 $aSeMil 852 $aSeMil$W1$xVenegono$y1$m2W V 12$j178455$B178455$CSeMilBibl$Z2$F189764 $81 961 $aOmaggio: Altro 996 $6020$a88-01-02826-1$9(OLS)http://semarc/number/230032 996 $6245$aIl Vangelo di Marco$9(OLS)http://semarc/title/1437 996 $6260$aLeumann :$bElle Di Ci$9(OLS)http://semarc/publisher/29808